| 000 | 00711nam a22002417a 4500 | ||
|---|---|---|---|
| 003 | OSt | ||
| 005 | 20220107122811.0 | ||
| 008 | 160420b xxu||||| |||| 00| 0 eng d | ||
| 020 | _a9781466560239 | ||
| 040 | _cIIITMK | ||
| 082 |
_a910.285 DIG/S _23 |
||
| 100 |
_aDiggle, Peter J. _98970 |
||
| 245 |
_aStatistical analysis of spatial and spatio-temporal point patterns _cPeter Diggle |
||
| 250 | _a3 | ||
| 260 |
_aBoca Raton, _bCRC Press, _c2014 |
||
| 300 | _axxxi, 267p. | ||
| 440 |
_aMonographs on statistics and applied probability _99093 |
||
| 650 |
_aGEOGRAPHIC INFORMATION SYSTEM _98971 |
||
| 650 |
_aGIS _98972 |
||
| 650 |
_aGEOSTATISTICS _98973 |
||
| 650 |
_aSPATIAL DATA _98974 |
||
| 942 |
_2ddc _cBK |
||
| 999 |
_c5082 _d5082 |
||